Resumen de técnica operatoria. (Record no. 114741)

MARC details
000 -LEADER
campo de control de longitud fija 00830nam a2200169 i 4500
001 - NÚMERO DE CONTROL
campo de control 114741
003 - IDENTIFICADOR DE NÚMERO DE CONTROL
campo de control ES-MaACL
007 - CAMPO FIJO DE DESCRIPCIÓN FÍSICA--INFORMACIÓN GENERAL
campo de control de longitud fija t|
008 - DATOS DE LONGITUD FIJA--INFORMACIÓN GENERAL
campo de control de longitud fija 070322m19281932sp ||||1| spa d
245 00 - MENCIÓN DEL TÍTULO
Título Resumen de técnica operatoria.
260 ## - PUBLICACIÓN, DISTRIBUCIÓN, ETC.
Lugar de publicación, distribución, etc. Barcelona :
Nombre del editor, distribuidor, etc. Sintes,
Fecha de publicación, distribución, etc. 1928-1932.
300 ## - DESCRIPCIÓN FÍSICA
Extensión v. <1,3,5-7> :
Otras características físicas il. ;
Dimensiones 20 cm.
505 8# - NOTA DE CONTENIDO CON FORMATO
Nota de contenido con formato Contiene: V. 1. Cirugía de la cabeza y del cuello / por Ch. Lenormant y Pierre Brocq -- v. 3. Cirugía del abdomen / por M. Guibé y J. Quénu -- v. 5. Cirugía del aparato urinario y del aparato genital del hombre / por Pierre Duval y J. Gatellier -- v. 6. Aparato genital de la mujer / por R. Proust -- v. 7. Práctica corriente y cirugía de urgencia / por V. Veau y F. D'Allaines.
650 17 - PUNTO DE ACCESO ADICIONAL DE MATERIA--TÉRMINO DE MATERIA
Término de materia o nombre geográfico como elemento de entrada Cirugía
Fuente del encabezamiento o término embne
9 (RLIN) 11050
852 ## - LOCALIZACIÓN
Ubicación ES-MaACL
Número de control de estantería C-8216-20
Holdings
Estatus retirado Estado de pérdida Estado de daño No para préstamo Biblioteca de origen Biblioteca actual Ubicación en estantería Fecha de adquisición Fuente de adquisición Total de préstamos Signatura topográfica completa Código de barras Visto por última vez Precio de reemplazo Tipo de ítem Koha
        Biblioteca del Ateneo de Madrid Biblioteca del Ateneo de Madrid Sala Palomar 17/01/2008     C-8216-20 1119654 23/02/2023 23/02/2023 Libro impreso